| 000 | 00667nam a2200253Ia 4500 | ||
|---|---|---|---|
| 003 | OSt | ||
| 005 | 20220924122425.0 | ||
| 006 | a|||||r|||| 00| 0 | ||
| 007 | ta | ||
| 008 | 220923b |||||||| |||| 00| 0 urd d | ||
| 020 | _c4.50 | ||
| 024 | _a318992 | ||
| 037 | _cTextual | ||
| 040 |
_aARTS _cARTS _burd |
||
| 041 |
_2urd _aurd |
||
| 082 | _aO168,3NZA,23, K8 | ||
| 100 |
_aAzimabadi Zia Au. _9177170 |
||
| 245 | 0 | _aLahren | |
| 260 |
_aLahore _bUrdu adabi markaz Pakistan _c1968 |
||
| 300 |
_a206p. _ccm. |
||
| 650 |
_aURDU FICTION _93298 |
||
| 942 |
_hO168,3NZA,23, K8 _cTEXL _2CC |
||
| 999 |
_c411602 _d411602 |
||